000 00443nam a2200145Ia 4500
008 260520s2026 xx 000 0 und d
041 _amar
082 _a294.5925/TAN
100 _aतांदळे, ज्ञानेश्वर
245 _aश्री गरुडपुराण
260 _aपुणे
_bमे शारदा साहित्य
_c2026
300 _a256p.
500 _aCat No: 15260
650 _aRELIGION
999 _c1222260
_d1222260